Cyclisme - Courses UCI World Tour 2025 - Statistiques

Statistiques générales
  • Ce quiz a été pris 274 fois
  • Le résultat moyen est 19 sur 36
Statistiques - réponses
Hints % Correct
Tour d'Espagne
96%
Tour de France
95%
Tour d'Italie
95%
Paris-Roubaix
92%
Paris-Nice
85%
Tour des Flandres
82%
Milan-San Remo
81%
Critérium du Dauphiné
80%
Tour de Suisse
80%
Liège-Bastogne-Liège
79%
Tour de Lombardie
71%
La Flèche Wallonne
66%
Tour de Romandie
62%
Amstel Gold Race
61%
Strade Bianche
60%
Tour des Émirats arabes unis
56%
Tour du Pays basque
56%
Tirreno-Adriatico
55%
Tour de Pologne
55%
Tour de Catalogne
53%
Tour Down Under
52%
Grand Prix E3
51%
Grand Prix cycliste de Montréal
45%
À travers la Flandre
43%
Grand Prix cycliste de Québec
42%
Gand-Wevelgem
41%
Bretagne Classic
31%
Renewi Tour
29%
Classique de Saint-Sébastien
27%
Circuit Het Nieuwsblad
20%
Tour du Guangxi
20%
Copenhagen Sprint
17%
Cadel Evans Great Ocean Road Race
15%
Classic Bruges-La Panne
15%
Eschborn-Francfort
14%
Cyclassics Hamburg
10%
Aucun quiz correspondant
Distribution des résultats
% des personnes avec chaque résultat
Percentile par nombre de réponses
Votre historique - résultats
Vous n’avez pas pris ce quiz